Агентурное сообщение (шифртелеграмма) из Берлина о деятельности в Германии лиц, называющих себя членами коммунистической партии

RUSMARC
00003816cam0a2200277#x 450
00127e5b6cc-2f80-4c9e-bfba-d76f5276fa20
00520250905155201.0
100##$a20250428d19450501k###0rusy50 ca
1010#$arus
102##$aDE
105##$ay###z########
1220#$ad19450501##
2001#$aАгентурное сообщение (шифртелеграмма) из Берлина о деятельности в Германии лиц, называющих себя членами коммунистической партии
$j1 мая 1945 г.
251##$cДокумент
300##$aПодлинник
605##$2acquisition_Prlib
$3LIBNET\UAF\0000088514
$aВторая мировая война в архивных документах (Комплекс оцифрованных архивных документов, кино- и фотоматериалов)
$lколлекция
605##$2acquisition_Prlib
$3DITM\AF\0000002775
$aВласть
$lколлекция
605##$2acquisition_Prlib
$3DITM\AF\0000003834
$aНарод
$lколлекция
6061#$2nlr_sh
$3RU\NLR\AUTH\66386788
$aМеждународные отношения
$z1944 - 1945
$jДокументы и материалы
686##$a63.3(2)622,13ю1
$2rubbk
$vLBC/M
686##$a63.3(0)62-6ю1
$2rubbk
$vLBC/M
801#0$aRU
$bПБ им. Б.Н. Ельцина
$c20250428
801#1$aRU
$bПБ им. Б.Н. Ельцина
$c20250428
$2rusmarc
801#2$aRU
$bПБ им. Б.Н. Ельцина
$c20250428
$2rusmarc
850##$aАрхив Службы внешней разведки России
852##$aАрхив СВР России
$jЛ. 340-340об.
035##$aLIBNET\0001470482
937##$d196710476
$hФедеральное архивное агентство
8564#$uhttp://readingroom.main.prlib.ru/item.aspx?id_node=n196710476&mode=full
Формат отображения